Изучение электрохимического поведения ионов четырех- и пятивалентного ванадия и химического взаимодействия между ними: автореферат диссертации на соискание ученой степени кандидата химических наук

Библиографические подробности
Главный автор: Миркин В. А.
Автор-организация: Академия наук Казахской ССР (АН КазССР) Институт химических наук
Другие авторы: Козловский М. Т. (научный руководитель)
Примечания:Защита сост. в январе 1964 г.
Язык:русский
Опубликовано: Алма-Ата, [Б. и.], 1963
Предметы:
Формат: Книга
Запись в KOHA:https://koha.lib.tpu.ru/cgi-bin/koha/opac-detail.pl?biblionumber=323112

MARC

LEADER 00000nam0a2200000 4500
001 323112
005 20231102003535.0
035 |a (RuTPU)RU\TPU\book\348670 
090 |a 323112 
100 |a 20161007d1963 k y0rusy50 ca 
101 0 |a rus 
102 |a KZ 
105 |a a dm 001zy 
200 1 |a Изучение электрохимического поведения ионов четырех- и пятивалентного ванадия и химического взаимодействия между ними  |e автореферат диссертации на соискание ученой степени кандидата химических наук  |f В. А. Миркин  |g Академия наук Казахской ССР (АН КазССР), Институт химических наук ; науч. рук. М. Т. Козловский 
210 |a Алма-Ата  |c [Б. и.]  |d 1963 
215 |a 16 с.  |c ил. 
300 |a Защита сост. в январе 1964 г. 
320 |a Библиогр.: с. 16 
606 1 |a Ванадий  |x Электрохимия  |2 stltpush  |3 (RuTPU)RU\TPU\subj\2052  |9 30683 
610 1 |a химические свойства 
610 1 |a валентность 
610 1 |a фазовые равновесия 
610 1 |a электрохимическое поведение 
610 1 |a платиновые микроэлектроды 
610 1 |a ртутные капельные электроды 
610 1 |a восстановление 
610 1 |a осциллографическая полярография 
610 1 |a спектроскопия 
610 1 |a электромиграция 
610 1 |a ионы 
610 1 |a необратимые процессы 
610 1 |a ванадилванадаты 
610 1 |a авторефераты диссертаций 
610 1 |a библиотека А. Г. Стромберга 
675 |a 546.881(04)  |v 3 
700 1 |a Миркин  |b В. А. 
702 1 |a Козловский  |b М. Т.  |4 727 
712 0 2 |a Академия наук Казахской ССР (АН КазССР)  |b Институт химических наук  |2 stltpush  |3 (RuTPU)RU\TPU\col\11297 
801 1 |a RU  |b 63413507  |c 20161007 
801 2 |a RU  |b 63413507  |c 20181103  |g RCR 
942 |c BK